000 01054nam a2200241 i 4500
001 22069
003 ES-MaACL
005 20250813040328.0
007 t|
008 021129s1877 sp ||||1| spa d
245 0 0 _aCódigo de las Siete Partidas del Rey D. Alfonso el Sabio.
_nI,
_pPartida 1ª /
_cglosadas por Gregorio López... y nuevamente comentadas por Clemente Fernández Elías ; con la colaboración de José Ximénez Torres y vertida la glosa al castellano por Antonio Pérez Romeo.
260 _aMadrid :
_b[s.n.],
_c1877 (
_fImp. de la Nueva Prensa)
300 _a1 v. (512 p.) ;
_c15 cm.
650 7 _aDerecho-
_zCastilla (Reino)
_2
_9165029
700 0 _aAlfonso
_bX,
_cRey de Castilla
_919872
700 1 _aLópez de Tovar, Gregorio,
_d1496?-1560
_9158626
700 1 _aFernández Elías, Clemente.
_949754
700 1 _aXiménez Torres, José.
_9117512
700 1 _aPérez Romeo, Antonio.
_991120
710 1 _aCastilla (Reino).
_bRey (1252-1284: Alfonso X)
_9171005
852 _aES-MaACL
_jG-10993
999 _c22069
_d22069